دول أمريكا الشمالية بالخريطة - Statistics

الإحصائيات العامة
  • هذا الإختبار تم الخضوع له 204 مره
  • الدرجة المتوسطة هي 7 من 22
Answers on the Map
Answers color-coded by a green-red scale on the quiz's map according to % correct below.
 
إحصائيات الإجابة
Answer % صحيح
الولايات المتحدة الأمريكية
87%
المكسيك
80%
كندا
78%
بنما
39%
كوبا
39%
بليز
36%
باهاماس
36%
كوستا ريكا
33%
السلفادور
30%
جمهورية الدومينيكان
29%
جواتيمالا
28%
هايتي
28%
جامايكا
28%
نيكاراغوا
26%
هندوراس
22%
ترينيداد و توباغو
20%
باربادوس
19%
دومينيكا
18%
سانت لوسيا
17%
سانت فينسنت و الجرينادين
16%
أنتيغوا وباربودا
15%
سانت كيتس و نيفيس
12%
No matching quizzes found
توزيع النقاط
نسبة الأشخاص لكل درجة
النسبة وفقا للأرقام
سجل النقاط الخاصة بك
لم تضخع لهذا الإختبار